[Event "CRI-ch (Women)"]
[Site "San Jose"]
[Date "2024.02.04"]
[Round "3"]
[White "Garcia Valdez, Xochilt Fernanda"]
[Black "Badilla Fallas, Karol"]
[Result "0-1"]
[WhiteElo "1471"]
[BlackElo "1311"]
[PlyCount "97"]
[EventDate "2024.02.03"]
[EventType "swiss"]
[EventRounds "9"]
[EventCountry "CRI"]
[SourceTitle "CB08_2024"]
[SourceDate "2024.02.21"]
[SourceVersion "1"]
[SourceVersionDate "2024.02.21"]
[SourceQuality "1"]

1. e4 c5 2. Nf3 Nc6 3. Bc4 g6 4. d3 Bg7 5. 0-0 d6 6. Nc3 Nf6 7. Be3 0-0 8. d4 cxd4 9. Nxd4 Bd7 10. h3 a6 11. Qd2 b5 12. Bb3 Rb8 13. Rab1 e6 14. f3 Na5 15. Rfd1 Nxb3 16. Nxb3 Ne8 17. a3 Qc7 18. Kh1 a5 19. f4 b4 20. axb4 axb4 21. Ne2 Bc6 22. Ng3 e5 23. f5 Qd8 24. c3 Ba4 25. Qc2 Qc7 26. Rd3 Bb5 27. Rdd1 Ba4 28. Rd3 Nf6 29. c4 Bc6 30. Nd2 Rfd8 31. b3 Qb7 32. Bg5 Rd7 33. Re1 h6 34. Bxf6 Bxf6 35. fxg6 fxg6 36. Rf1 Rf7 37. Rxd6 Rbf8 38. Qd3 Rd7 39. Rxd7 Qxd7 40. Qxd7 Bxd7 41. c5 Bb5 42. Rc1 Bh4 43. Ngf1 Bg5 44. Kg1 Rd8 45. Rc2 Rf8 46. Rc1 Rf7 47. c6 Bd8 48. Ne3 Bb6 49. Ndf1 0-1

[Event "CRI-ch (Women)"]
[Site "San Jose"]
[Date "2024.02.03"]
[Round "2"]
[White "Salazar Delgado, Aylin Naomi"]
[Black "Garcia Valdez, Xochilt Fernanda"]
[Result "1-0"]
[WhiteElo "1309"]
[BlackElo "1471"]
[PlyCount "53"]
[EventDate "2024.02.03"]
[EventType "swiss"]
[EventRounds "9"]
[EventCountry "CRI"]
[SourceTitle "CB08_2024"]
[SourceDate "2024.02.21"]
[SourceVersion "1"]
[SourceVersionDate "2024.02.21"]
[SourceQuality "1"]

1. d4 d5 2. c4 e6 3. Nc3 Nf6 4. Bg5 Be7 5. Nf3 Nc6 6. e3 h6 7. Bf4 0-0 8. Be2 Bd6 9. Bg3 Re8 10. c5 Bxg3 11. hxg3 b6 12. Bb5 Bd7 13. b4 Nxb4 14. Bxd7 Qxd7 15. Ne5 Qd8 16. Qa4 a5 17. a3 Na6 18. cxb6 cxb6 19. 0-0 Ra7 20. Nc6 Qd7 21. Nxa7 Qxa7 22. Rab1 Ne4 23. Qxe8+ Kh7 24. Nxe4 dxe4 25. Qc6 Qe7 26. Rxb6 Nc7 27. Rb7 1-0